000
00301nam a22001337a 4500
003
SGT
020
_a
978-93-85915-12-3
100
_a
KUMAR, SUDHIR
245
_a
HAND BOOK OF MATHEMATICS FOR PHARMACY
250
_a
1st
260
_a
S, VIKASH
_b
PUNJAB
_c
2016
650
_a
MATHEMATICS
942
_2
ddc
_c
BK
999
_c
24721
_d
24721